Normal view
MARC view
- Guide Name:Sahasrtabuddhe Swati
Entry Personal Name
001 - CONTROL NUMBER
- control field: 210993
003 - CONTROL NUMBER IDENTIFIER
- control field: OSt
005 - DATE AND TIME OF LATEST TRANSACTION
- control field: 20250110171824.0
008 - FIXED-LENGTH DATA ELEMENTS
- fixed length control field: 250110|| aca||aabn | a|a d
040 ## - CATALOGING SOURCE
- Original cataloging agency: OSt
- Transcribing agency: OSt
100 ## - HEADING--PERSONAL NAME
- Personal name: Guide Name:Sahasrtabuddhe Swati
670 ## - SOURCE DATA FOUND
- Source citation: Work cat.: (OSt)364655: Kinjawadekar Radhika 181654, Walkable Urban Landscapes: Enhancing The Pedestrian Experience In The City Of Pune, 2023